مياه الزراعة التصدي للقيود : (رقم التسجيلة. 24305)

تفاصيل مارك
000 -LEADER
fixed length control field 00547nam a22001697a 4500
005 - DATE AND TIME OF LATEST TRANSACTION
control field 20251108165306.0
008 - FIXED-LENGTH DATA ELEMENTS--GENERAL INFORMATION
fixed length control field 250721s1992 xx 000 0 ara d
082 14 - DEWEY DECIMAL CLASSIFICATION NUMBER
Classification number 631.7/بوس
100 1# - MAIN ENTRY--PERSONAL NAME
Personal name بوستيل، ساندرا
245 10 - TITLE STATEMENT
Title مياه الزراعة التصدي للقيود :
Remainder of title التصدي للقيود /
264 1# - PRODUCTION, PUBLICATION, DISTRIBUTION, MANUFACTURE, AND COPYRIGHT NOTICE
Place of production, publication, distribution, manufacture القاهرة :
Name of producer, publisher, distributor, manufacturer الدار الدولية للنشر و التوزيع،
Date of production, publication, distribution, manufacture, or copyright notice 1992.
300 ## - PHYSICAL DESCRIPTION
Extent 75ص
650 17 - SUBJECT ADDED ENTRY--TOPICAL TERM
Topical term or geographic name as entry element الري
700 1# - ADDED ENTRY--PERSONAL NAME
Personal name صابر، محمد
Relator term ترجمة
942 ## - ADDED ENTRY ELEMENTS (KOHA)
Source of classification or shelving scheme Dewey Decimal Classification
Koha item type كتب
المقتنيات
حالة السحب حالة الفقدان مصدر التصنيف حالة التلف غير قابل للإعارة المكتبة الرئيسية المكتبة الحالية موقع الرف تاريخ التزويد الرقم المتسلسل Total Checkouts رقم الإستدعاء تاريخ آخر ظهور تاريخ الفاتورة نوع المادة (كوها) الباركود
    Dewey Decimal Classification Unchecked   مكتبة الأميرة ايمان العامة مكتبة الأميرة ايمان العامة الإعارة 06/07/2004 864   631.7/بوس 28/07/2025 06/07/2004 كتب  
    Dewey Decimal Classification Unchecked   مكتبة الأميرة ايمان العامة مكتبة الأميرة ايمان العامة الإعارة 06/07/2004 5618   631.7/بوس 28/07/2025 06/07/2004 كتب  
    Dewey Decimal Classification Unchecked   مكتبة الأميرة ايمان العامة مكتبة الأميرة ايمان العامة الإعارة 28/07/2025 394139   631.7/بوس 28/07/2025 28/07/2025 كتب  
    Dewey Decimal Classification Unchecked   مكتبة الاميرة بديعة مكتبة الاميرة بديعة الإعارة 06/07/2004 394142   631.7/بوس 28/07/2025 06/07/2004 كتب  
    Dewey Decimal Classification Unchecked   مكتبة الجويدة مكتبة الجويدة الإعارة 06/07/2004 2744   631.7/بوس 28/07/2025 06/07/2004 كتب  
    Dewey Decimal Classification Unchecked   مكتبة الحسن العامة مكتبة الحسن العامة الإعارة 06/07/2004 6606   631.7/بوس 28/07/2025 06/07/2004 كتب  
    Dewey Decimal Classification     مكتبة النصر العامة مكتبة النصر العامة الإعارة 13/04/2015 [ 4756 ]   631.7/بوس 28/07/2025 13/04/2015 كتب PLD00383705
    Dewey Decimal Classification     مكتبة صويلح العامة مكتبة صويلح العامة الإعارة 06/07/2004 394140   631.7/بوس 28/07/2025 06/07/2004 كتب 394140
    Dewey Decimal Classification     مكتبة صويلح العامة مكتبة صويلح العامة الإعارة 15/06/2019 06047   631.7/بوس 28/07/2025 15/06/2019 كتب PLD00454251
    Dewey Decimal Classification     مكتبة وادي السير العامة مكتبة وادي السير العامة الإعارة 13/04/2016 [3391].......   631.7/بوس 28/07/2025 13/04/2016 كتب PLD00386195
Implemented & Customized by: BBB with SCIT (Smart Chains for Information Technology)

Powered by Koha